Robot Wars Robots #1 - Statistics

General Stats
  • This quiz has been taken 15 times
  • The average score is 6 of 8
Answer Stats
Hint Answer % Correct
A heavyweight robot which competed in Series 8, 9 and 10 of Robot Wars, and was the champion of its debut series. It reached the final of Series 8 after defeating Storm 2 in its Heat Final, and went on to become the UK Champion by defeating Carbide in the Grand Final. Apollo
93%
A flail bot with cluster bots as defence (Name both) Nuts
93%
A red robot that has an axe shaped like a Norse God’s hammer Thor
93%
Has an axe and has bulletproof glass and armour. A portmanteau of the words ‘terror’ and ‘hurt’ Terrorhurtz
86%
Aftershock
71%
The tallest robot Gabriel
71%
A robot with blue paintwork driven by Will Thomas Shockwave
64%
Nuts 2
57%
No matching quizzes found
Score Distribution
Percent of People with Each Score
Percentile by Number Answered
Your Score History
You have not taken this quiz